Campeones españoles de La Liga - Estadísticas

Estadísticas generales
  • Esta prueba ha sido intentada 511 veces
  • La puntuación promedio es 7 de 9
Estadísticas de respuestas
triunfo último club % Correcto
24 2016 Barcelona
100%
32 2012 Real Madrid
100%
6 2004 Valencia
90%
1 1946 Sevilla
88%
1 2000 Deportivo La Coruña
80%
2 1982 Real Sociedad
75%
8 1984 Athletic Bilbao
66%
10 2014 Atlético Madrid
59%
1 1935 Real Betis
49%
No se encontraron pruebas coincidentes
Distribución de puntuación
Porcentaje de gente con cada puntuación
Porcentaje por número respondido
Historial de tus puntuaciones
No has intentado esta prueba.